|
|
|
|
| LEADER |
00000cam a2200000 7i4500 |
| 001 |
0000006579 |
| 005 |
20080101.0 |
| 008 |
070817 |
| 020 |
|
|
|a 9835701504
|
| 090 |
0 |
0 |
|a 372.5044
|b NOO
|
| 245 |
0 |
0 |
|a Seni kreatif kanak-kanak
|c Noorlida Mahmood
|
| 260 |
|
|
|a Kuala Lumpur :
|b Penerbitan Gema Insan ,
|c 2007
|
| 440 |
|
|
|a Siri pendidikan seni
|
| 650 |
|
0 |
|a Art
|x Study and teaching (Elementary)
|
| 650 |
|
0 |
|a Drawing
|x Juvenile literature
|
| 710 |
0 |
|
|a Title
|
| 999 |
|
|
|a 0000985703
|b Book
|c Adult Collection
|e Cawangan Muar
|
| 999 |
|
|
|a 0000985704
|b Book
|c Adult Collection
|e Perbadanan Perpustakaan Awam Johor
|
| 999 |
|
|
|a 0000985705
|b Book
|c Adult Collection
|e Perbadanan Perpustakaan Awam Johor
|
| 999 |
|
|
|a 0001167447
|b Book
|c Adult Collection
|e Cawangan Segamat
|
| 999 |
|
|
|a 0001167448
|b Book
|c Adult Collection
|e Cawangan Pontian
|
| 999 |
|
|
|a 0001167451
|b Book
|c Children Collection
|e Cawangan Taman Universiti
|
| 999 |
|
|
|a 0001167453
|b Book
|c Adult Collection
|e Cawangan Bandar Tenggara
|
| 999 |
|
|
|a 0001167454
|b Book
|c Adult Collection
|e Cawangan Bandar Penawar
|
| 999 |
|
|
|a 0001167455
|b Book
|c Adult Collection
|e Cawangan Mersing
|
| 999 |
|
|
|a 0001167457
|b Book
|c Adult Collection
|e Cawangan Tangkak
|
| 999 |
|
|
|a 0001167458
|b Book
|c Adult Collection
|e Cawangan Tmn. Ungku Tun Aminah
|